000 00430nam a22001697a 4500
008 180910b xxu||||| |||| 00| 1 tur d
020 _a9786051110042
041 _atur
050 _aPL248.T886
100 _aTürker, Sibel K.
_91179
245 _aMeryemin Biricik Hayatı
250 _a1. Baskı
260 _aİstanbul
_bDoğan Kitap
_cKaım 2008
300 _a166 Sayfa
650 0 _9145
_aTürk Edebiyatı
942 _2lcc
_cBK
999 _c2437
_d2396